Capitales avec neuf ou plus de lettres - Statistiques

Statistiques générales
  • Ce quiz a été pris 683 fois
    672 depuis la dernière actualisation
  • Le résultat moyen est 29 sur 60
Statistiques - réponses
lettres capitale % Correct
10 Washington
91%
10 Wellington
84%
11 Buenos Aires
77%
10 Oulan-Bator
72%
12 Antananarivo
70%
9 Stockholm
66%
10 Addis-Abeba
65%
12 Port-au-Prince
65%
11 Port Moresby
60%
9 Reykjavik
60%
11 Brazzaville
59%
10 Bratislava
58%
10 Georgetown
58%
9 Islamabad
58%
11 Kuala Lumpur
58%
9 Pyongyang
58%
16 Andorre- la-Vieille
57%
9 Guatemala
57%
10 Luxembourg
57%
11 Ouagadougou
57%
10 Saint-Marin
57%
12 Yamoussoukro
57%
9 Amsterdam
56%
10 Montevideo
56%
12 Port-d'Espagne
55%
10 Copenhague
54%
10 Paramaribo
54%
10 Mogadiscio
53%
11 Tegucigalpa
53%
13 Saint-Domingue
52%
9 Podgorica
49%
9 Bruxelles
48%
10 Saint John's
48%
9 Ljubljana
47%
11 San Salvador
47%
9 Phnom Penh
46%
12 Saint George's
46%
10 Nouakchott
45%
9 Port-Louis
45%
9 Jérusalem
44%
10 Libreville
44%
9 Porto-Novo
43%
10 Bridgetown
42%
9 Katmandou
42%
9 Kingstown
39%
9 Singapour
39%
10 Basseterre
38%
17 Bandar Seri Begawan
35%
23 Sri Jayawardenapura Kotte
33%
9 Nukuʻalofa
32%
9 Douchanbé
30%
9 La Valette
29%
9 Vientiane
28%
12 Bloemfontein
26%
9 Naypyidaw
26%
9 Ngerulmud
23%
9 Bujumbura
18%
10 O{ranjestad}
6%
11 P{hilipsburg}
5%
10 W{illemstad}
5%
Aucun quiz correspondant
Distribution des résultats
% des personnes avec chaque résultat
Percentile par nombre de réponses
Votre historique - résultats
Vous n’avez pas pris ce quiz depuis la dernière actualisation